00729nam a22002297a 450000500170000001000130001702000220003003500130005203700160006504000120008108200160009310000250010924500480013426000340018227000420021630000280025865000220028665000220030894200250033099900190035595201250037420170124110048.0 aA-576131 c50.00a8171670962 aA-576131 bCen Lib/Ret aDPLbEN a793.73bSHA aSharma, Mukul924916 aThe worst of mindsport /cby Mukul Sharma  aNew DelhibRupa & Co. c1992 a 7/16 Ansari Road bNew Delhie110002 a152p. ;c21cm(Hb)bill. aMindsport9102219 aMindsport9102220 2ddccENh793.73mSHA c128949d128949 00104070aLbLd2015-07-03eCen Lib/Retg50.00l0o793.73 SHApA-576131r2015-07-03 00:00:00t1v50.00w2015-07-03yEN